000
00190 a2200085 4500
001
61683
090
_c
37119
_d
37119
245
_a
Probability and statistics
260
_a
Virginia
_b
state university
_c
2002
942
_a
NUST-CAE
999
_c
296756
_d
296756